000
00301nam a2200121Ia 4500
008
191201s2009 xx 000 0 und d
100
_a
SALVATORE, Dominick
245
0
_a
Managerial Economics Principles and World
260
_a
N. Delhi
_b
Oxford
_c
2009
300
_a
666
650
_a
MBA
942
_2
ddc
_c
BK
999
_c
192
_d
192